000 00833nam a2200241 a 4500
001 49093
003 BD-RjUL
005 20211209054632.0
008 160817s19821976bg ||||| |||| 00| 0 ben d
020 _c: Tk.12.00
035 _a(BD-RjUL)49212
040 _aBD-RjUL
_bben
_cBD-RjUL
_dBD-RjUL
041 _aben
082 _223
_a891.441
_bHAA 1982
100 _aহায়দার, দাউদ
_9147668
245 1 0 _aএই শাওনে পরবাসে /
_cদাউদ হায়দার
250 _a২ য় সং.
260 _aঢাকা :
_bনওরোজ কিতাবিস্তান,
_c১৯৭৬[মুদ্রন ১৯৮২]
300 _a৬৪ পৃ. ;
_c২১ সেমি.
650 _aবাংলা কবিতা
_9147669
650 _aBengali poetry
_9147670
942 _2ddc
_cBK
999 _c49093
_d49093